00578nam a2200181Ia 4500003000900000008004100009020001800050040001600068080002200084100001900106245011500125260004300240300001400283650004100297650001400338650002200352650002200374IN-BaIIA211028s9999 xx 000 0 eng d a90-277-0279-9 cIIA Library a52(082.1)bASS-34 aKourganoff, V. 0aIntroduction to the physics of stellar interiorscV. Kourganoff  aDordrechetbD. Reidel Publishingc1973 axi, 115p. aAstronomy and astrophysics thesaurus aInteriors aStellar evolution aStellar structure